Govt. of
Madhya Pradesh

Roses (Record no. 4204)

MARC details
000 -LEADER
fixed length control field 004250000a22001810004500
003 - CONTROL NUMBER IDENTIFIER
control field MACL
005 - DATE AND TIME OF LATEST TRANSACTION
control field 20150818164637.0
008 - FIXED-LENGTH DATA ELEMENTS--GENERAL INFORMATION
fixed length control field 150818b xxu||||| |||| 00| 0 eng d
040 ## - CATALOGING SOURCE
Original cataloging agency MACL
Transcribing agency MACL
041 ## - LANGUAGE CODE
Language code of text/sound track or separate title English
082 ## - DEWEY DECIMAL CLASSIFICATION NUMBER
Classification number 580/MUK
100 ## - MAIN ENTRY--PERSONAL NAME
Personal name Mukhopadhyay, Amitabha
9 (RLIN) 6131
245 ## - TITLE STATEMENT
Title Roses
260 ## - PUBLICATION, DISTRIBUTION, ETC. (IMPRINT)
Name of publisher, distributor, etc. National Books Trust
Date of publication, distribution, etc. 1991
Place of publication, distribution, etc. New Delhi
350 ## - PRICE (NR) (BK AM CF MU VM SE) [OBSOLETE]
Price 23
650 ## - SUBJECT ADDED ENTRY--TOPICAL TERM
Topical term or geographic name as entry element botany
9 (RLIN) 6050
942 ## - ADDED ENTRY ELEMENTS (KOHA)
Koha item type Books
Call number prefix 580
Source of classification or shelving scheme
Holdings
Withdrawn status Lost status Source of classification or shelving scheme Damaged status Not for loan Home library Current library Date acquired Cost, normal purchase price Total Checkouts Full call number Barcode Date last seen Uniform Resource Identifier Price effective from Koha item type
          MACL MACL 15/04/2015 23.00   580/MUK CRE005188 02/05/2024 4175 15/04/2015 Books